01884 2200349 4500001002100000005001500021035002000036007000300056008004100059020001800100082001500118084002100133100003600154245016100190250002000351300003900371700003000410700002600440700002600466502080100492600002101293600002301314264004301337336002101380337003001401338002301431990001601454990001601470990001601486990001601502990001601518INLIS00000000000029020260430021614 a0010-0426000289ta260430 b 0 ind  a9786231356727 a306.095598 a306.095598 WIL s0 aWilujeng Aji PermanaePengarang1 aSerial ragam pesona Nusantara Ambon : serunya petualangan Najwa ke Ambon /cWilujeng Aji Permana, Dian Mardianto ; editor, Tim hikam ; ilustrator, Tim hikam aCetakan Pertama a32 halaman :bilustrasi ;c23.5 cm0 aDian MardiantoePengarang0 aTim hikamePenyunting0 aTim hikameIlustrator aini kesadaran dari putra-putri komponen anak bangsa mulai terkikis dan teralihkan ke visual digital pesawat genggam, budaya dan alam Nusantara yang seharusnya dilestarikan dan dijaga, menunjukkan indikasi ke arah yang semakin menurun. Bangsa Indonesia merupakan negara dengan beragam budaya dan kekayaan alam, budaya-budaya lokal yang ada di Nusantara muncul dan eksis terlebih dulu, sedangkan budaya bangsa muncul setelahnya. Kekayaan budaya dan Alam Nusantara ini menjadi situs budaya leluhur yang bernilai tinggi dan wajib diwariskan ke setiap generasi Bangsa. Dengan demikian, sudah seharusnya sebagai generasi Bangsa wajib menjaga dan melestraikannya supaya Budaya dan Alam Nusantara tersebut menjadi situs turun temurun bagi Bangsa ini. semoga menginspirasi bagi kita semua, salam literasi. 4aKebudayaan Ambon 4aBacaan kanak-kanak aYogyakarta :bHikam media utama,c2023 2rdacontentaTeks 2rdamediaaTanpa Perantara 2rdacarrieraVolume aAT000542/25 aNM000578/25 aPP000753/25 aPP000750/25 aPT000801/25